Japanese Military Aircraft Quiz - IJAF - Statistics

General Stats
  • This quiz has been taken 10 times
    3 since last reset
  • The average score is 9 of 103
Answer Stats
Picture Hint Answer % Correct
Mitsubishi A5M4
100%
Mitsubishi A6M2 Zero
100%
Nakajima B5N2
67%
Aichi D3A2
67%
Nakajima Ki-43-II Hayabusa
67%
Nakajima Ki-44-II Shoki
67%
Nakajima Ki-84-I Hayate
67%
Nakajima B6N2 Tenzan
33%
Yokosuka D4Y1 Suisei
33%
Mitsubishi G4M1 Hamaki
33%
Kawanishi H6K3
33%
Kawanishi H8K2
33%
Mitsubishi J2M3 Raiden
33%
Kawasaki Ki-10-I
33%
Mitsubishi Ki-21-IIa
33%
Kawasaki Ki-45 Kai Toryu
33%
Mitsubishi Ki-46-II
33%
Kawasaki Ki-61 Hien
33%
Kawanishi N1K1-J Shiden
33%
Nakajima A1N1
0%
Nakajima A2N1
0%
Nakajima A4N1
0%
Heinkel A7He1
0%
Seversky A8V1
0%
Mitsubishi B1M1
0%
Mitsubishi B2M1
0%
Yokosuka B3Y1
0%
Yokosuka B4Y1
0%
Mitsubishi B5M1
0%
Aichi B7A1 Ryusei
0%
Mitsubishi C1M1
0%
Nakajima C2N1
0%
Nakajima C3N1
0%
Nakajima C6N1 Saiun
0%
Aichi D1A2
0%
Aichi E10A1
0%
Kawanishi E10K1
0%
Aichi E11A1
0%
Kawanishi E11K1
0%
Aichi E13A1
0%
Yokosuka E14Y1
0%
Kawanishi E15K1 Shiun
0%
Aichi E16A Zuiun
0%
Yokosuka E1Y2
0%
Nakajima E2N1
0%
Aichi E3A1
0%
Nakajima E4N2
0%
Kawanishi/Yokosuka E5K1/E5Y1
0%
Yokosuka E6Y1
0%
Kawanishi E7K1
0%
Nakajima E8N2
0%
Watanabe E9W1
0%
Mitsubishi F1M2
0%
Mitsubishi G1M
0%
Hiro G2H1
0%
Hiro G3M1 Rikko
0%
Nakajima G5N2-L Shinzan
0%
Mitsubishi G6M1-L2
0%
Hiro H1H3
0%
Hiro H2H1
0%
Kawanishi H3K1
0%
Hiro H4H1
0%
Yokosuka H5Y1
0%
Aichi H9A1
0%
Nakajima J1N1-S Gekkō
0%
Kyushu K10W1
0%
Kyushu K11W2 Shiragiku
0%
Yokosuka K1Y
0%
Yokosuka K2Y2
0%
Mitsubishi K3M3
0%
Yokosuka K4Y1
0%
Yokosuka K5Y1 Aka-tombo
0%
Kawasaki Ki-100-1
0%
Kawasaki Ki-102 Otsu
0%
Mitsubishi Ki-15-I
0%
Tachikawa Ki-17
0%
Mitsubishi Ki-1-I
0%
Mitsubishi Ki-20
0%
Nakajima Ki-27
0%
Mitsubishi Ki-2-II
0%
Kawasaki Ki-3
0%
Mitsubishi Ki-30
0%
Kawasaki Ki-32
0%
Nakajima Ki-34
0%
Tachikawa Ki-36
0%
Nakajima Ki-4
0%
Kawasaki Ki-48
0%
Nakajima Ki-49-IIa Donryu
0%
Mitsubishi Ki-51
0%
Tachikawa Ki-54b
0%
Tachikawa Ki-55
0%
Kawasaki Ki-56
0%
Mitsubishi Ki-57-II
0%
Kokusai Ki-59
0%
Mitsubishi Ki-67-Ia Hiryū
0%
Kokusai Ki-76
0%
Mansyū Ki-79b
0%
Kokusai Ki-86
0%
Tachikawa Ki-9
0%
Shōwa/Nakajima L2D3
0%
Yokosuka L3Y2
0%
Yokosuka P1Y2 Ginga
0%
Kyushu Q1W1 Tōkai
0%
No matching quizzes found
Score Distribution
Percent of People with Each Score
Percentile by Number Answered
Your Score History
You have not taken this quiz since the last reset